Determinación de los factores equivalentes de carga y cálculo de los ejes equivalentes de carga Esal´s de la carretera León Poneloya.

Presenta estudio de los factores equivalentes de carga y cálculo de los ejes equivalentes de carga Esal´s de la carretera León Poneloya el cual consiste en conocer el factor equivalente de carga efectivo por tipo y categoría de vehículo en función de los reportes diarios de pasaje de báscula d...

Full description

Bibliographic Details
Main Authors: Morales Almanza, Kenney Rodolfo, Orozco Peralta, Edgard Nazarena., Campos Moreira, Sonia Vanessa
Other Authors: Tutor: Gutiérrez Martínez, Cristian A.
Format: Tesis Section = Libro
Language:Undetermined
Spanish
Published: Managua UNI 2012
Subjects:
LEADER 01270nam a2200265Ia 4500
008 240830s9999 xx 000 0 und d
040 |a BIBLIOTECA-RUPAP Mon 624.172 M828 
041 |a spa 
082 |a Mon 624.172 M828 
100 1 |a Morales Almanza, Kenney Rodolfo 
100 1 |b Orozco Peralta, Edgard Nazarena. 
100 1 |c Campos Moreira, Sonia Vanessa 
245 1 0 |a Determinación de los factores equivalentes de carga y cálculo de los ejes equivalentes de carga Esal´s de la carretera León Poneloya. 
260 |a Managua  |b UNI  |c 2012 
300 |a 106 p. :il. 
500 |a Contiene: anexos. 
502 |a Tesis (Ingeniero Civil)- UNI, 2012. 
520 3 |a Presenta estudio de los factores equivalentes de carga y cálculo de los ejes equivalentes de carga Esal´s de la carretera León Poneloya el cual consiste en conocer el factor equivalente de carga efectivo por tipo y categoría de vehículo en función de los reportes diarios de pasaje de báscula del tramo León Poneloya que posee el MTI. 
650 7 |a CARGAS - FACTORES DE DISTRIBUCION 
650 7 |b FACTORES DE EQUIVALENCIA DE CARGAS 
650 7 |c BASCULAS - CARGA VEHICULAR. 
700 1 |a Tutor:  |b Gutiérrez Martínez, Cristian A. 
942 |c BK  |2 ddc 
991 |a TESIS 
999 |c 15875